000 01200cam a22003131i 4500
003 SA-RiAUC
005 20250929070529.0
008 250924s1998 ua a g b 00010dara c
020 _a9775727219
040 _aIMAM
_bara
_cSA-RiAUC
_erda
043 _aa-tu---
082 0 4 _a201.160
_qSA-RiAUC
090 _a201.160
_bد ر و
100 1 _aدرويش، هدى محمود،
_d1953-
_eمؤلف.
245 1 2 _aالإسلاميون وتركيا العلمانية :
_bنموذج الإمام سليمان حلمي /
_cهدى درويش.
250 _aالطبعة الأولى.
264 1 _aالقاهرة :
_bدار الآفاق العربية،
_c1998.
300 _a239 صفحة :
_bمصور ؛
_c24 سم
336 _aنص
_btxt
_2rdacontent
_3كتاب
337 _aبدون وسيط
_bn
_2rdamedia
338 _aمجلد
_bnc
_2rdacarrier
504 _aببليوجرافية : صفحة 231-236.
600 1 7 _aحلمي، سليمان،
_d1888-1959
_2aucnm
650 7 _aالإسلام
_zتركيا
_2aucsh
650 7 _aالإسلام والعلمانية
_2aucsh
650 7 _aالعلمانية
_zتركيا
_2aucsh
942 _2ddc
_cBOOK
_n0
949 _aSA-JeALM
_d250924
_umohamedma123
_n1
999 _c12172
_d12172